000 00876nam a22002297a 4500
005 20101214151141.0
008 101214t xxu||||| |||| 00| 0 eng d
010 _aENG-101809
020 _a9788120341418
_c395.00
035 _aEN-85342
037 _bDBAD / PUB
082 1 4 _a658.4040285536
100 _aChatfield, Carl
_924780
245 1 _aMicrosoft Project 2010 step-by-step /
_cby Carl Chatfield [and] Timothy Johnson
260 _aNew Delhi
_bPrentice-Hall of India
_c2011
270 _aM-97, Connaught Circus
_bNew Delhi
_e110 001
300 _axxix, 473p.
_c24cm (pbk)
500 _aIncludes index
700 _aJohnson, Timothy
_924781
942 _adpl
_cEN
_2ddc
_h658.4040285536
_mCHA
999 _c49176
_d49176